00657cam a2200181 i 4500020001800000040000800018082002600026245010400052250001200156300002900168650001700197650003000214650001200244710004100256942001000297999001700307952015100324 a9780946888771 cDLC a577 AUG 2012 C275 Or.04aThe biodiversity of the proposed western Siem Pang Protected Forest Stung Treng Province, Cambodia. a1st ed. axix, 203 pages ;c30 cm. 0aBiodiversity 0aBiodiversity conservation 0aAnimals2 aBirdLife International in Indochina. cAEDBB c21252d21252 0010406577_000000000000000_AUG_2012_C275_OR70993148aLBCbLBCcC275d2023-04-19o577 AUG 2012 C275 Or.pa071458r2023-04-19w2023-04-19yAEDBB